Statistics for All Cities in Russia with Population of 1 Million

Click here to take the quiz!

General Stats

  • This quiz has been taken 182 times
  • The average score is 11 of 16

Answers on the Map

Answers color-coded by a green-red scale on the quiz's map according to % correct below.
 

Answer Stats

latlonPopCity% Correct
55.7521641237.6155228317.00 mMoscow
99%
59.9390145130.316020065.55 mSaint Petersburg
98%
47.2346478539.71265581.29 mRostov
81%
56.8500299360.599959671.63 mYekaterinburg
81%
48.7100099944.499960491.41 mVolgograd
79%
55.0299601482.960041871.69 mNovosibirsk
78%
56.3330072244.000094361.74 mNizhny Novgorod
76%
55.7499420449.126344771.25 mKazan
75%
54.9899884273.399953571.18 mOmsk
73%
57.9999597456.249992631.11 mPerm
66%
54.7899747956.040031291.13 mUfa
66%
53.1950075550.151295121.32 mSamara
63%
55.1549912761.438668171.41 mChelyabinsk
60%
56.0139827792.866000531.12 mKrasnoyarsk
54%
51.7299806939.269995481.05 mVoronezh
53%
51.5799898546.02999631.09 mSaratov
46%

Score Distribution

Percentile by Number Answered

Percent of People with Each Score

Your Score History

You have not taken this quiz